000 00653nam a2200217 a 4500
001 19286
003 CO-ViMGA
008 141112s2004 ck r 000 u spa d
020 _a8426131492
040 _aCO-ViMGA
_bspa
_cCO-ViMGA
082 0 4 _a575.09 P397
100 1 _aPeyrols, Sylvaine
_927702
245 1 0 _aLa Historia de la vida
260 _aBarcelona :
_bJuventud; 2000
300 _a63 p. il.
590 _aForma de adquisición : Premio Mincultura
650 1 4 _aEVOLUCION - HISTORIA
_927703
650 1 4 _aEVOLUCION DE LOS ANIMALES - LITERATURA INFANTIL
_927704
650 1 4 _aORIGEN DE LA VIDA - LITERATURA INFANTIL
_927705
942 _2ddc
_cBK
999 _c28445
_d28445